[Event "Barcelona Torxa op 4th"]
[Site "Barcelona"]
[Date "2011.09.06"]
[Round "4.2"]
[White "Jausas Lopez, Andrea"]
[Black "Dougas Chavarria, Nestor"]
[Result "1-0"]
[WhiteElo "1950"]
[BlackElo "1891"]
[PlyCount "53"]
[EventDate "2011.09.01"]
[EventType "swiss"]
[EventRounds "7"]
[EventCountry "ESP"]
[SourceTitle "EXT 2024"]
[Source "ChessBase"]
[SourceDate "2023.10.10"]
[SourceVersion "1"]
[SourceVersionDate "2023.10.10"]
[SourceQuality "1"]

1. d4 Nf6 2. Nf3 d5 3. Bf4 e6 4. e3 c5 5. c3 Qb6 6. Qb3 c4 7. Qc2 Nc6 8. h3 Be7 9. Be2 Na5 10. 0-0 0-0 11. Nbd2 Bd6 12. Be5 Bxe5 13. Nxe5 Nd7 14. Ndf3 Nxe5 15. Nxe5 Nc6 16. f4 f6 17. Ng4 Bd7 18. Rf3 e5 19. Rg3 Bxg4 20. Bxg4 e4 21. Be6+ Kh8 22. Bxd5 f5 23. Bxc4 Nb8 24. Qb3 Qc6 25. Bd5 Qf6 26. Qxb7 Qh4 27. Qxg7# 1-0

[Event "Barcelona Torxa op 4th"]
[Site "Barcelona"]
[Date "2011.09.01"]
[Round "1.9"]
[White "Dougas Chavarria, Nestor"]
[Black "Martinez Perez, Sergio"]
[Result "1-0"]
[WhiteElo "1891"]
[BlackElo "1761"]
[PlyCount "27"]
[EventDate "2011.09.01"]
[EventType "swiss"]
[EventRounds "7"]
[EventCountry "ESP"]
[SourceTitle "EXT 2024"]
[Source "ChessBase"]
[SourceDate "2023.10.10"]
[SourceVersion "1"]
[SourceVersionDate "2023.10.10"]
[SourceQuality "1"]

1. e4 d5 2. exd5 Qxd5 3. Nc3 Qd6 4. d4 Nf6 5. Bc4 a6 6. Nf3 b5 7. Bb3 Bb7 8. Qe2 Bxf3 9. Qxf3 Nc6 10. Bf4 Qd7 11. 0-0-0 Rc8 12. Be5 Rd8 13. Rhe1 h6 14. Ne4 1-0

[Event "Barcelona La Lira op-B 14th"]
[Site "Barcelona"]
[Date "2011.07.23"]
[Round "1"]
[White "Dougas Chavarria, Nestor"]
[Black "Romero Funieles, Rafael de Jesus"]
[Result "0-1"]
[WhiteElo "1573"]
[BlackElo "1753"]
[PlyCount "76"]
[EventDate "2011.07.23"]
[EventType "swiss"]
[EventRounds "9"]
[EventCountry "ESP"]
[SourceTitle "EXT 2024"]
[Source "ChessBase"]
[SourceDate "2023.10.10"]
[SourceVersion "1"]
[SourceVersionDate "2023.10.10"]
[SourceQuality "1"]

1. e4 e5 2. Nf3 d6 3. d4 exd4 4. Qxd4 c5 5. Bb5+ Bd7 6. Bxd7+ Qxd7 7. Qd3 Nc6 8. Nc3 Nf6 9. Bf4 Nb4 10. Qe2 Nh5 11. Be3 Be7 12. a3 Nc6 13. 0-0-0 Qe6 14. Nd5 Rc8 15. Ng5 Bxg5 16. Bxg5 Qg6 17. h4 h6 18. Nf4 Nxf4 19. Bxf4 Nd4 20. Rxd4 cxd4 21. Qb5+ Rc6 22. Re1 0-0 23. Qxb7 Rfc8 24. Qb3 d5 25. f3 Qxg2 26. exd5 Rxc2+ 27. Kb1 Qg6 28. Re8+ Rxe8 29. Qxc2 Re1+ 30. Bc1 d3 31. Qc8+ Kh7 32. Ka2 Re2 33. Qc3 Rc2 34. Qe1 Qf5 35. d6 Qd5+ 36. Kb1 d2 37. Bxd2 Rxd2 38. Kc1 Rd4 0-1